| 000 | 00396nam a2200157Ia 4500 | ||
|---|---|---|---|
| 008 | 230524s9999 xx 000 0 und d | ||
| 082 | _bBHA | ||
| 100 |
_aIndrajit Bhattacharya _941997 |
||
| 245 | 3 | _aAn Approach to Communication Skills | |
| 250 | _a1 | ||
| 260 |
_aNew Delhi _bDhanpat rai _c2011 |
||
| 300 | _a"XXIV,253p;" | ||
| 500 | _aQuantity Number: 1 | ||
| 650 | _aEnglish | ||
| 942 | _cBK | ||
| 999 |
_c56412 _d56412 |
||